Annual review of astronomy and astrophysics (Record no. 5039)

MARC details
000 -LEADER
fixed length control field 00722nam a2200229Ia 4500
003 - CONTROL NUMBER IDENTIFIER
control field IN-BaIIA
008 - FIXED-LENGTH DATA ELEMENTS--GENERAL INFORMATION
fixed length control field 211028s9999 xx 000 0 eng d
020 ## - INTERNATIONAL STANDARD BOOK NUMBER
International Standard Book Number 0-8243-0907-3
040 ## - CATALOGING SOURCE
Transcribing agency IIA Library
080 ## - UNIVERSAL DECIMAL CLASSIFICATION NUMBER
Universal Decimal Classification number 047.1:52
Item number ARA-8
245 #0 - TITLE STATEMENT
Title Annual review of astronomy and astrophysics
Remainder of title vol. 8
Statement of responsibility, etc. edited by Leo Goldberg, David Layzer and John G. Philips
260 ## - PUBLICATION, DISTRIBUTION, ETC.
Place of publication, distribution, etc. California
Name of publisher, distributor, etc. Annual Reviews
Date of publication, distribution, etc. 1970
300 ## - PHYSICAL DESCRIPTION
Extent ix, 495p.
650 ## - SUBJECT ADDED ENTRY--TOPICAL TERM
Topical term or geographic name entry element Astronomy
9 (RLIN) 80
650 ## - SUBJECT ADDED ENTRY--TOPICAL TERM
Topical term or geographic name entry element Astronomy and Astrophysics Thesaurus 
9 (RLIN) 1143
650 ## - SUBJECT ADDED ENTRY--TOPICAL TERM
Topical term or geographic name entry element Astrophysics
9 (RLIN) 794
650 ## - SUBJECT ADDED ENTRY--TOPICAL TERM
Topical term or geographic name entry element Periodicals
9 (RLIN) 8955
700 ## - ADDED ENTRY--PERSONAL NAME
Personal name Goldberg, Leo, ed.
9 (RLIN) 4090
700 ## - ADDED ENTRY--PERSONAL NAME
Personal name Layzer, David, ed.
9 (RLIN) 4091
700 ## - ADDED ENTRY--PERSONAL NAME
Personal name Philips, John G., ed.
9 (RLIN) 7607
942 ## - ADDED ENTRY ELEMENTS (KOHA)
Koha item type Books
Holdings
Withdrawn status Lost status Damaged status Not for loan Home library Current library Shelving location Date acquired Total Checkouts Full call number Barcode Date last seen Price effective from Koha item type
        IIA Library-Bangalore IIA Library-Kavalur General Stacks 16/09/1976   047.1:52/ ARA-8 5629 05/11/2021 16/09/1976 Books

Powered by Koha